00691nam a22002412i 450000100060000000300080000600500170001400800410003102000150007203500110008703500190009804000320011704100080014907000240015708200250018110000300020624500490023625000100028526000410029530000330033650400400036965000400040916824BD-RjUL20211209000044.0140215s1980 enka b 001 0 eng d a0852381050 a735741 a(BD-RjUL)16879 aAGLcAGLdEQOdBD-RjULbeng aeng1 aSH335.5.Q35C6b1980 220a664.94bCOC 19801 aConnell, J. J.q(John J.)10aControl of fish quality /cJ. J. Connell. -- a2d ed aFarnham, Eng :bFishing News,cc1980 axii, 222 p. :bill. ;c22 cm aBibliography: p. 207-214 and index. aFishery productsvQuality control.